00766 2200229 4500001002100000005001700021008004100038035002400079082001100103090002200114100001600136245018000152260002800332300002800360500004400388500002900432650003600461850000900497985000600506986000900512999001500521YOGYA-0209000007250720090227093629.0 ind  0010-020900000072507 a510.07 a510.07bNan KlSK aNANIK, Suin aKorelasi antara IQ,minat belajar matematika dan jenis status sekolah dengan prestasi belajar matematika siswa kelas iii SMA Swasta di Bantul tahun ajaran 1993/1994bSuin Nanik aYogyakartab[s.n]c1994 ax,123lembarbilusc28cm aSkripsi F.KIP Sarjana Wiyata Tamansiswa aBibliografi:lembar 75-77 aMatematika-Studi dan pengajaran aBPAD a1 aheru a08A0036469